Classical political economy (Record no. 32101)

MARC details
000 -LEADER
fixed length control field 00269nam a2200109Ia 4500
082 ## - DEWEY DECIMAL CLASSIFICATION NUMBER
Classification number 330.821.1
Item number PAU
100 ## - MAIN ENTRY--AUTHOR NAME
Personal name PAUL, R R
245 #0 - TITLE STATEMENT
Title Classical political economy
260 ## - PUBLICATION, DISTRIBUTION, ETC. (IMPRINT)
Place of publication Delhi
Name of publisher Kalyani Pub
Year of publication 1979
942 ## - ADDED ENTRY ELEMENTS (KOHA)
Koha item type Books
Holdings
Withdrawn status Lost status Damaged status Not for loan Home library Current library Date acquired Full call number Accession Number Koha item type
        RRII Library RRII Library 16/12/2021 330.821.1 PAU 12626 Books